| 000 | 00000nam 2200000za 4500 |
| 001 | 9.816688 |
| 003 | CaOODSP |
| 005 | 20240925091302 |
| 007 | cr ||||||||||| |
| 008 | 160525s2016 pic obs f000 0 eng d |
| 020 | |a978-0-660-05358-5 |
| 040 | |aCaOODSP|beng |
| 043 | |an-cn--- |
| 086 | 1 |aV32-269/2016E-PDF |
| 245 | 00|aMilitary occupation and post-military employment and income outcomes |h[electronic resource] / |cMary Beth MacLean … [et al.]. |
| 260 | |aCharlottetown, P.E.I. : |bVeterans Affairs Canada, |c2016. |
| 300 | |a10 p. |
| 490 | 1 |aResearch Directorate technical report |
| 500 | |aIssued also in French under title: Groupe professionnel militaire et résultats liés à l’emploi et au revenu après la libération du service. |
| 500 | |aCover title. |
| 500 | |a"Life After Service Studies (LASS) secondary analysis, (release 15)." |
| 500 | |a“April 8, 2016.” |
| 504 | |aIncludes bibliographical references (p. 7). |
| 692 | 07|2gccst|aVeterans |
| 692 | 07|2gccst|aEmployment |
| 692 | 07|2gccst|aIncome |
| 700 | 1 |aMaclean, Mary Beth. |
| 710 | 1 |aCanada. |bVeterans Affairs Canada. |bResearch Directorate. |
| 775 | 08|tGroupe professionnel militaire et résultats liés à l'emploi et au revenu après la libération du service |w(CaOODSP)9.816691 |
| 830 | #0|aTechnical report (Canada. Veterans Affairs Canada. Research Directorate)|w(CaOODSP)9.844433 |
| 856 | 40|qPDF|s158 KB|uhttps://publications.gc.ca/collections/collection_2016/acc-vac/V32-269-2016-eng.pdf |